| 000 | 00737nam a22002057a 4500 | ||
|---|---|---|---|
| 003 | JO-AjAnu | ||
| 005 | 20251021102334.0 | ||
| 008 | 251018b jo ||||| |||| 00| 0 ara d | ||
| 020 | _a9789923135617 | ||
| 040 |
_aJO-AjAnu _bara _cJO-AjAnu _dJO-AjAnu _erda |
||
| 041 |
_aara _hara |
||
| 050 |
_aPJ7852. _bA77.A91 2023 |
||
| 100 | 1 |
_aنصير، مهدي انور _eمؤلف _966903 |
|
| 245 | 0 |
_aحوار غير هادىء : شعر / _cمهدي انور نصير |
|
| 250 | _aالطبعة العربية الاولى | ||
| 260 |
_aعمان : _bالآن ناشرون وموزعون، _c2023 |
||
| 300 | _a336 صفحة | ||
| 650 | 7 | 0 |
_aالأدب العربي - الشعر العربي - العصر الحديث _948215 |
| 942 |
_2lcc _cBK _n0 |
||
| 999 |
_c34141 _d34141 |
||